| 000 | 00752nam a2200241Ia 4500 | ||
|---|---|---|---|
| 005 | 20221028105730.0 | ||
| 008 | 140110s9999 xx 000 0 und d | ||
| 020 |
_a9788126523801 _cRs.2174.00 |
||
| 040 | _aLoreto College | ||
| 041 | _aEnglish | ||
| 082 |
_a158.7 _bLAN |
||
| 100 | _aLandy, Frank J. | ||
| 245 |
_aWork in the 21st century _bAn introduction to industrial and organizational psychology _cFrank J. Landy and Jeffrey M.Conte |
||
| 250 | _a2nd ed. | ||
| 260 |
_aNew Delhi _bWiley India _c2010 |
||
| 300 |
_axxviii,669p. _bill |
||
| 504 | _aIncludes bibliographical references, glossary and index | ||
| 650 | _aPsychology | ||
| 651 | _aIndustrial Psychology | ||
| 700 |
_aConte,Jeffrey M. _4Auth |
||
| 850 | _aLCLIB | ||
| 942 | _cBK | ||
| 999 |
_c42901 _d93380 |
||